Top Universities with Exceptions - Statistics

General Stats
  • This quiz has been taken 19 times
  • The average score is 24 of 60
Answer Stats
# University % Correct
25 Toronto
94%
8 National University of Singapore
81%
32 Tokyo
81%
84 Tokyo Institute of Technology
81%
13 Melbourne
75%
18 Sydney
75%
88 University of Technology Sydney
75%
62 City University of Hong Kong
69%
57 Hong Kong Polytechnic University
69%
47 Hong Kong University of Science and Technology
69%
46 Institut Polytechnique de Paris
69%
29 McGill
69%
31 Seoul
69%
45 Shanghai Jiao Tong
69%
73 Université Paris-Saclay
69%
17 University of Hong Kong
69%
36 Chinese University of Hong Kong
63%
97 Freie Universitaet Berlin
63%
24 Université PSL
63%
100 Copenhagen
56%
87 Trinity College Dublin
56%
38 University of British Columbia
56%
55 Amsterdam
50%
7 ETH Zurich
50%
59 Ludwig-Maximilians-Universität München
50%
28 Technical University of Munich
50%
50 Kyoto
44%
94 Lomonosov Moscow State University
44%
86 Osaka
44%
82 Adelaide
38%
65 Auckland
38%
63 Sorbonne University
38%
26 École Polytechnique Fédérale de Lausanne
31%
94 Universidad Nacional Autónoma de México
31%
84 Universität Heidelberg
31%
37 Monash
25%
19 New South Wales
25%
40 Queensland
25%
92 Universidade de São Paulo
25%
63 KU Leuven
19%
68 National Taiwan University
19%
14 Peking University
19%
20 Tsinghua
19%
96 University of Alberta
19%
30 Australian National University
13%
49 Delft University of Technology
13%
39 Fudan University
13%
75 Lund University
13%
15 Nanyang Technological University
13%
71 Universidad de Buenos Aires
13%
53 KAIST
6%
67 Korea University
6%
74 KTH
6%
99 RWTH Aachen University
6%
77 University of Western Australia
6%
56 Yonsei
6%
47 Zhejiang
6%
93 Pontificia Universidad Católica de Chile
0%
98 POSTECH
0%
60 Universiti Malaya
0%
No matching quizzes found
Score Distribution
Percent of People with Each Score
Percentile by Number Answered
Your Score History
You have not taken this quiz